Orgány družstva a zánik funkcie orgánov členov družstva

Obchodný zákonník vymedzuje orgány družstva v ustanovení § 237 Obchodného zákonníka, pridržiavajúc sa klasického rozdelenia na orgány obligatórne a fakultatívne. Medzi obligatórne orgány družstva zaradzujeme členskú schôdzu, predstavenstvo a kontrolnú komisiu. Družstva však okrem týchto obligatórnyc...

ver descrição completa

Na minha lista:
Detalhes bibliográficos
Autor principal: Strapáč, Peter
Formato: Capítulo de Livro
Idioma:eslovaco
Assuntos:
Tags: Adicionar Tag
Sem tags, seja o primeiro a adicionar uma tag!

MARC

LEADER 00000naa a2200000 4500
001 0172076
005 20231208085518.2
041 0 |a slo 
044 |a SK 
245 1 0 |a Orgány družstva a zánik funkcie orgánov členov družstva  |c Peter Strapáč 
520 |a Obchodný zákonník vymedzuje orgány družstva v ustanovení § 237 Obchodného zákonníka, pridržiavajúc sa klasického rozdelenia na orgány obligatórne a fakultatívne. Medzi obligatórne orgány družstva zaradzujeme členskú schôdzu, predstavenstvo a kontrolnú komisiu. Družstva však okrem týchto obligatórnych orgánov môže vytvárať aj orgány fakultatívne, ktorých úprava a štruktúra musí byť obsiahnutá v stanovách družstva. 
610 2 0 |a zákonník obchodný 
610 2 0 |a družstvá 
610 2 0 |a osoby právnické 
100 1 |a Strapáč, Peter